Normal view
MARC view
- Horngern,Charles T / Foster,George / Datar, Srikant M
Entry Personal Name
001 - CONTROL NUMBER
- control field: 3369
003 - CONTROL NUMBER IDENTIFIER
- control field: JO-AjAnu
005 - DATE AND TIME OF LATEST TRANSACTION
- control field: 20230606070844.0
008 - FIXED-LENGTH DATA ELEMENTS
- fixed length control field: 230606|| aca||aabn | a|a d
040 ## - CATALOGING SOURCE
- Original cataloging agency: JO-AjAnu
- Transcribing agency: JO-AjAnu
100 ## - HEADING--PERSONAL NAME
- Personal name: Horngern,Charles T / Foster,George / Datar, Srikant M
670 ## - SOURCE DATA FOUND
- Source citation: Work cat.: (JO-AjAnu)1760: Horngern,Charles T / Foster,George / Datar, Srikant M, author, Cost Accounting A Managerial Emphasis